| 000 | 01499nam a2200385 c 4500 | ||
|---|---|---|---|
| 003 | BLK | ||
| 005 | 20250128174150.0 | ||
| 008 | 180411b bul|||||r ||||||| ||bul|| | ||
| 010 | _aKNG00198431000 | ||
| 020 |
_a978-619-7280-11-1 _bиздат.: Атеа Букс |
||
| 040 | _aBLK | ||
| 041 |
_aBUL _cBUL |
||
| 072 | 7 |
_2bullib _aН86 _xДетска отраслова литература Н |
|
| 080 |
_aОснови на математиката в основното образование _b372.47 _x _z372.47 |
||
| 100 | 1 |
_aРайнова, Добринка _eпърви автор _9384722 |
|
| 139 |
_aРайнова, Добринка _bР 28 |
||
| 245 | 1 | 0 |
_aВълшебната нула на Фук _cДобринка Райнова. |
| 257 | _aBGR | ||
| 260 |
_аСофия _bАтеа Букс _c2016 |
||
| 300 |
_a24 с. _bс цв. ил. _c28 см |
||
| 380 | _aDX | ||
| 490 | 1 |
_aОбучителна система Малки малки математици _vКн. 5 |
|
| 650 | 4 |
_aМатематика - учебни помагала _9242006 |
|
| 653 | _aматематика | ||
| 653 | _aучебни помагала | ||
| 653 | _aлитература за деца | ||
| 653 | _aдетска литература | ||
| 659 | _aН | ||
| 852 | _aЦб ІІ 21614 | ||
| 856 | 4 |
_qpdf _u |
|
| 856 | 4 |
_qpdf _u |
|
| 942 |
_cKNG _n0 _011 |
||
| 944 |
_aCR _c16.12.2016 _lБояна Костадинова _k30551 |
||
| 944 |
_aED _c21.03.2017 _lф / _kПенка_Димитрова |
||
| 999 |
_c189389 _d189389 |
||